| 000 | 00722nam a22002057a 4500 | ||
|---|---|---|---|
| 999 |
_c2852 _d2852 |
||
| 003 | AR-CdUCM | ||
| 008 | 190305b ||||| |||| 00| 0 spa d | ||
| 040 |
_aMUNICIPALIDAD PROVINCIAL DEL CUSCO _cBIBLIOTECA MUNICIPAL DEL CUSCO |
||
| 082 |
_a918.57 / _bR95 |
||
| 100 |
_aRumrrill, Róger _99886 |
||
| 245 | _aReportaje a la amazonía / | ||
| 260 |
_aLima : _bEds. Populares Selva, _c1973. |
||
| 300 |
_a191 paginas ; _c19 cm. |
||
| 505 | _aContenido :Ojeda en la historia --Ojeda a la cultura --Un voto en contra --Radiografía de una economia en crisism --El rostro olvidado ... | ||
| 650 |
_aEnsayos descriptivos _99887 |
||
| 650 |
_aAmazonía _93433 |
||
| 650 |
_aPerú _935 |
||
| 942 |
_2ddc _cLIBROS |
||
| 945 | _arjall | ||